| 000 | 00357 a2200133 4500 | ||
|---|---|---|---|
| 001 | 88831 | ||
| 082 | _aPR 754 | ||
| 090 |
_c41972 _d41972 |
||
| 100 | _aM M Khani Shali | ||
| 245 | _aDeflection and stresses of composite beams under bending loads | ||
| 260 |
_aKarachi _bUniversity of Karachi _c1980 |
||
| 300 |
_a80p. _ePiracha |
||
| 500 | _aBE Project Report | ||
| 942 |
_aCAE NUST _kPR 754 |
||
| 999 |
_c323904 _d323904 |
||